Legends Z-A Pokédex - Statistics

General Stats
  • This quiz has been taken 206 times
    184 since last reset
  • The average score is 178 of 230
Answer Stats
Pokémon % Correct
Pikachu
94%
Raichu
92%
Tepig
92%
Feraligatr
91%
Totodile
91%
Bayleef
90%
Bulbasaur
90%
Charmander
90%
Chikorita
90%
Croconaw
90%
Emboar
90%
Froakie
90%
Meganium
90%
Pidgeot
90%
Pidgeotto
90%
Pidgey
90%
Blastoise
89%
Charizard
89%
Charmeleon
89%
Ivysaur
89%
Magikarp
89%
Pichu
89%
Pignite
89%
Squirtle
89%
Venusaur
89%
Zygarde
89%
Chespin
88%
Gyarados
88%
Chesnaught
87%
Eevee
87%
Fennekin
87%
Greninja
87%
Talonflame
87%
Wartortle
87%
Espeon
85%
Fletchinder
85%
Fletchling
85%
Jolteon
85%
Quilladin
85%
Beedrill
84%
Delphox
84%
Flabebe
84%
Floette
84%
Florges
84%
Gastly
84%
Gengar
84%
Litleo
84%
Ralts
84%
Starmie
84%
Staryu
84%
Umbreon
84%
Vaporeon
84%
Weedle
84%
Xerneas
84%
Braixen
83%
Flareon
83%
Frogadier
83%
Gardevoir
83%
Haunter
83%
Kakuna
83%
Kirlia
83%
Lucario
83%
Pyroar
83%
Riolu
83%
Yveltal
83%
Bunnelby
82%
Gallade
82%
Glaceon
82%
Leafeon
82%
Litwick
82%
Machamp
82%
Machoke
82%
Alakazam
81%
Barbaracle
81%
Binacle
81%
Chandelure
81%
Diggersby
81%
Dragonite
81%
Garchomp
81%
Kadabra
81%
Lampent
81%
Machop
81%
Mareep
81%
Sylveon
81%
Abra
80%
Aron
80%
Dragonair
80%
Gabite
80%
Gible
80%
Gogoat
80%
Sharpedo
80%
Aggron
79%
Ampharos
79%
Bagon
79%
Beldum
79%
Bellsprout
79%
Carvanha
79%
Dratini
79%
Flaaffy
79%
Mawile
79%
Metagross
79%
Metang
79%
Salamence
79%
Tyrantrum
79%
Victreebel
79%
Abomasnow
78%
Aegislash
78%
Aurorus
78%
Clefairy
78%
Cleffa
78%
Doublade
78%
Hawlucha
78%
Lairon
78%
Meowstic
78%
Onix
78%
Spewpa
78%
Tynamo
78%
Vivillon
78%
Weepinbell
78%
Aromatisse
76%
Clauncher
76%
Clawitzer
76%
Clefable
76%
Drampa
76%
Heracross
76%
Honedge
76%
Houndoom
76%
Malamar
76%
Pancham
76%
Pinsir
76%
Sableye
76%
Scatterbug
76%
Scizor
76%
Scolipede
76%
Scyther
76%
Shelgon
76%
Skarmory
76%
Skiddo
76%
Skrelp
76%
Slowbro
76%
Slowking
76%
Slowpoke
76%
Snover
76%
Spritzee
76%
Swirlix
76%
Tyrunt
76%
Venipede
76%
Whirlipede
76%
Dragalge
75%
Drilbur
75%
Excadrill
75%
Froslass
75%
Glalie
75%
Houndour
75%
Inkay
75%
Kangaskhan
75%
Phantump
75%
Pumpkaboo
75%
Slurpuff
75%
Snorunt
75%
Steelix
75%
Trevenant
75%
Amaura
74%
Avalugg
74%
Camerupt
74%
Espurr
74%
Furfrou
74%
Goodra
74%
Gourgeist
74%
Noibat
74%
Noivern
74%
Numel
74%
Pangoro
74%
Aerodactyl
73%
Bergmite
73%
Eelektross
73%
Electrike
73%
Goomy
73%
Scrafty
73%
Scraggy
73%
Tyranitar
73%
Manectric
72%
Panpour
72%
Pansage
72%
Pansear
72%
Pupitar
72%
Arbok
71%
Eelektrik
71%
Ekans
71%
Larvitar
71%
Simipour
71%
Simisage
71%
Simisear
71%
Sliggoo
71%
Dedenne
70%
Heliolisk
70%
Helioptile
70%
Medicham
70%
Meditite
70%
Absol
69%
Audino
69%
Altaria
66%
Falinks
66%
Klefki
66%
Swablu
66%
Delibird
65%
Krokorok
65%
Krookodile
65%
Lopunny
65%
Sandile
65%
Buneary
64%
Emolga
64%
Garbodor
64%
Trubbish
64%
Ariados
63%
Spinarak
63%
Carbink
62%
Patrat
61%
Roselia
61%
Banette
60%
Budew
60%
Roserade
60%
Watchog
60%
Shuppet
58%
Stunfisk
58%
Vanillite
53%
Hippowdon
52%
Vanillish
52%
Hippopotas
51%
Vanilluxe
51%
No matching quizzes found
Score Distribution
Percent of People with Each Score
Percentile by Number Answered
Your Score History
You have not taken this quiz since the last reset